|
|
|
|
| LEADER |
01011nam a2200265 a 4500 |
| 001 |
c000016469 |
| 003 |
CARM |
| 005 |
00000000000000.0 |
| 008 |
891220s1990 enkg 00010 eng |
| 019 |
1 |
|
|a 6922199
|z 53333874
|5 LACONCORD2021
|
| 020 |
|
|
|a 033509418X
|
| 020 |
|
|
|a 0335094171 (pbk.)
|
| 035 |
|
|
|a (OCoLC)20933737
|5 LACONCORD2021
|
| 050 |
0 |
0 |
|a MT35
|b .P89 1990
|
| 082 |
0 |
0 |
|a 781.4/24
|2 20
|
| 100 |
1 |
|
|a Pratt, George,
|d 1935-
|
| 245 |
1 |
0 |
|a Aural awareness :
|b principles and practice /
|c George Pratt with Michael Henson and Simon Cargill.
|
| 260 |
|
|
|a Milton Keynes ;
|a Philadelphia :
|b Open University Press,
|c 1990.
|
| 300 |
|
|
|a viii, 120 p. :
|b music ;
|c 24 cm.
|
| 650 |
|
0 |
|a Ear training.
|
| 700 |
1 |
|
|a Henson, Michael,
|d 1961-
|
| 700 |
1 |
|
|a Cargill, Simon,
|d 1964-
|
| 852 |
8 |
|
|b CARM
|h A2:AI37C0
|i B04372
|p 0198533
|f BK
|
| 999 |
f |
f |
|i afac292a-40c2-52ff-b3ef-0fcbe6aa14bf
|s 16fc1946-6f2e-50be-8e1a-a130b058cef5
|
| 952 |
f |
f |
|p Can circulate
|a CAVAL
|b CAVAL
|c CAVAL
|d CARM 1 Store
|e B04372
|f A2:AI37C0
|h Other scheme
|i book
|m 0198533
|